Labour welfare trade unionism and Industrial relations (Record no. 3077)

MARC details
000 -LEADER
fixed length control field 00432nam a22001697a 4500
005 - DATE AND TIME OF LATEST TRANSACTION
control field 20180227102736.0
008 - FIXED-LENGTH DATA ELEMENTS--GENERAL INFORMATION
fixed length control field 160618b xxu||||| |||| 00| 0 eng d
020 ## - INTERNATIONAL STANDARD BOOK NUMBER
ISBN 81-7040-144-5
041 ## - LANGUAGE CODE
Language code of text/sound track or separate title eng
082 ## - DEWEY DECIMAL CLASSIFICATION NUMBER
Item number 8110
Classification number 331
100 ## - MAIN ENTRY--AUTHOR NAME
Personal name Punekar, Deodhar and shankaran
245 ## - TITLE STATEMENT
Title Labour welfare trade unionism and Industrial relations
260 ## - PUBLICATION, DISTRIBUTION, ETC. (IMPRINT)
Name of publisher HPH
Year of publication 2004
300 ## - PHYSICAL DESCRIPTION
Number of Pages 484
650 ## - SUBJECT ADDED ENTRY--TOPICAL TERM
Topical Term Management
942 ## - ADDED ENTRY ELEMENTS (KOHA)
Koha item type Books
Holdings
Lost status Damaged status Collection code Home library Current library Shelving location Date acquired Cost, normal purchase price Full call number Accession Number Koha item type
    MANAGEMENT JRU Library JRU Library SHELF -72- F 18/06/2016 175.00 331 8110 Books